| 000 | 00578nam a2200229 a 4500 | ||
|---|---|---|---|
| 001 | 0001-1311 | ||
| 003 | ELIB.Books | ||
| 008 | 150710 2010 eng | ||
| 035 | _a(ELIB.Books)0001-1466 | ||
| 092 |
_a868 _bGra |
||
| 100 | _aGracian, Baltasar. | ||
| 245 | _aThe Art of Worldly Wisdom | ||
| 260 |
_aNew York _bDoubleday Currency _c1992 |
||
| 300 |
_a182 _c19 Cm |
||
| 500 | _aLibrary | ||
| 650 | _aSpiritual Literature | ||
| 856 |
_nKBTS: Library _uKBTS: Elib |
||
| 942 |
_2ddc _cBK |
||
| 990 | _a1 | ||
| 998 |
_cbat _e2015-07-10 |
||
| 999 |
_c11311 _d11311 |
||